[Event "Hamburg-ch Seniors 65+"]
[Site "Hamburg"]
[Date "2018.11.07"]
[Round "8"]
[White "Bock, Georg"]
[Black "Wilke, Wolfgang"]
[Result "1-0"]
[WhiteElo "1459"]
[BlackElo "1726"]
[PlyCount "73"]
[EventDate "2018.10.31"]
[EventType "swiss"]
[EventRounds "9"]
[EventCountry "GER"]
[SourceTitle "CBM 189 Extra"]
[Source "ChessBase"]
[SourceDate "2019.06.03"]
[SourceVersion "1"]
[SourceVersionDate "2019.06.03"]
[SourceQuality "1"]

1. e4 e6 2. d4 d5 3. e5 c5 4. c3 Nc6 5. Nf3 cxd4 6. cxd4 Qb6 7. a3 Nge7 8. b4 Nf5 9. Be3 Nxe3 10. fxe3 Be7 11. Bd3 Bd7 12. Qc2 g6 13. 0-0 Rc8 14. Qf2 Nd8 15. Nbd2 Ba4 16. Rac1 Rxc1 17. Rxc1 0-0 18. h3 Nc6 19. Nh2 a6 20. Ng4 Qd8 21. Nf6+ Kg7 22. Rf1 Nb8 23. Qh4 Rh8 24. g4 h6 25. g5 Nd7 26. e4 hxg5 27. Qxg5 Rh5 28. Qf4 Bxf6 29. exf6+ Kg8 30. Kh2 Nf8 31. e5 Qc7 32. Rf3 Bc2 33. Rg3 Bxd3 34. Rxd3 Qc2 35. Rg3 Rf5 36. Qh6 Rf2+ 37. Rg2 1-0

[Event "Hamburg-ch Seniors 65+"]
[Site "Hamburg"]
[Date "2018.11.04"]
[Round "5"]
[White "Duemmke, Juergen"]
[Black "Wilke, Wolfgang"]
[Result "1-0"]
[WhiteElo "2056"]
[BlackElo "1726"]
[PlyCount "62"]
[EventDate "2018.10.31"]
[EventType "swiss"]
[EventRounds "9"]
[EventCountry "GER"]
[SourceTitle "CBM 189 Extra"]
[Source "ChessBase"]
[SourceDate "2019.06.03"]
[SourceVersion "1"]
[SourceVersionDate "2019.06.03"]
[SourceQuality "1"]

1. d4 e6 2. c4 Nf6 3. Nc3 d5 4. Bg5 Be7 5. e3 Nbd7 6. Nf3 c6 7. Bd3 h6 8. Bh4 dxc4 9. Bxc4 Nd5 10. Bxe7 Qxe7 11. 0-0 Nxc3 12. bxc3 0-0 13. a4 b6 14. e4 Rd8 15. Qe2 c5 16. a5 cxd4 17. cxd4 bxa5 18. Rxa5 Nb6 19. Rfa1 Qc7 20. Rc5 Qd6 21. Ba6 Rd7 22. Rac1 Bxa6 23. Qxa6 f6 24. g3 Rad8 25. Qa2 Kf8 26. Rc6 Qe7 27. Rxe6 Qf7 28. d5 f5 29. Ne5 Qh5 30. Nxd7+ Nxd7 31. Qa3+ Kg8 1-0

[Event "Hamburg-ch Seniors 21st"]
[Site "Hamburg"]
[Date "2014.11.04"]
[Round "7"]
[White "Wilke, Wolfgang"]
[Black "Ristic, Sreten"]
[Result "1-0"]
[WhiteElo "1567"]
[BlackElo "1796"]
[PlyCount "97"]
[EventDate "2014.10.29"]
[EventType "swiss"]
[EventRounds "9"]
[EventCountry "GER"]
[SourceTitle "EXT 2018"]
[Source "ChessBase"]
[SourceDate "2017.10.13"]
[SourceVersion "1"]
[SourceVersionDate "2017.10.13"]
[SourceQuality "1"]

1. e4 d6 2. Nc3 g6 3. Nf3 Nf6 4. h3 Bg7 5. d4 Nbd7 6. Be3 e5 7. dxe5 dxe5 8. Qd2 0-0 9. 0-0-0 a6 10. Bg5 Qe8 11. Bh6 Kh8 12. Bxg7+ Kxg7 13. Bc4 Nb6 14. Bb3 Be6 15. Bxe6 Qxe6 16. Qe2 c6 17. Rd3 Nh5 18. g3 h6 19. h4 Nf6 20. Rhd1 Qe7 21. Nd2 Rac8 22. f4 exf4 23. gxf4 Nh5 24. Qf2 Nd7 25. Nb3 Ndf6 26. Qf3 Rc7 27. e5 Nh7 28. Qg4 Qe6 29. Qf3 Qf5 30. Ne2 Re8 31. Nbd4 Qc8 32. Rg1 Kh8 33. Nc3 Ng7 34. Ne4 Ne6 35. Nd6 Qd7 36. Nxe8 Qxe8 37. Nb3 Qe7 38. Qg3 Ng7 39. Rgd1 Nf5 40. Qf2 Nf8 41. h5 gxh5 42. Nd4 Qh4 43. Qd2 Nxd4 44. Rxd4 Ne6 45. Rd6 Re7 46. f5 Ng5 47. Rxh6+ Kg7 48. f6+ Kxh6 49. fxe7 1-0

[Event "Hamburg Seniors-ch 20th"]
[Site "Hamburg"]
[Date "2013.10.30"]
[Round "1"]
[White "Krueger, Dietrich"]
[Black "Wilke, Wolfgang"]
[Result "0-1"]
[WhiteElo "941"]
[BlackElo "1603"]
[PlyCount "64"]
[EventDate "2013.10.30"]
[EventType "swiss"]
[EventRounds "9"]
[EventCountry "GER"]
[SourceTitle "EXT 2015"]
[Source "ChessBase"]
[SourceDate "2014.11.20"]
[SourceVersion "1"]
[SourceVersionDate "2014.11.20"]
[SourceQuality "1"]

1. e4 d6 2. Nc3 g6 3. d4 Bg7 4. Bc4 e6 5. Nf3 Nc6 6. d5 Ne5 7. Bb3 Ne7 8. Bg5 0-0 9. Qd2 a6 10. 0-0-0 b5 11. Nd4 Qe8 12. dxe6 f6 13. Be3 c5 14. Ndxb5 axb5 15. a3 c4 16. Ba2 Bxe6 17. Qxd6 Bf7 18. Qb4 Rb8 19. Bc5 N7c6 20. Bxf8 Nxb4 21. Bxb4 Nc6 22. b3 Nxb4 23. bxc4 Nxa2+ 24. Nxa2 Bxc4 25. Nb4 Qxe4 26. g3 Bf7 27. Nd3 Ra8 28. Kd2 Bc4 29. Rhe1 Qd4 30. Re3 b4 31. Rde1 Qc3+ 32. Kd1 Bxd3 0-1